000 00803cam a2200277Ia 4500
001 6523
003 GBCCL
005 20241126110335.0
008 830820s1983 mnua 00010aeng d
010 _a 79057520
020 _a0891911928
035 _aOCM09831183
040 _aIOS
_cIOS
_dLBB
049 _aLBBK
082 _a943.086
_bKER
100 1 _aKerstan, Reinhold,
_d1931-
_9248
245 1 0 _aBlood and honor /
_cKerstan.
250 _a2nd ed.
260 _aMinneapolis, Minn. :
_bWorld Wide,
_c1983.
300 _a192 p. :
_bill. ;
_c21 cm.
500 _aSpecial Crusade edition printed for the Billy Graham Evangelistic Association.
600 1 0 _aKerstan, Reinhold,
_d1931-
_9248
610 2 0 _aHitler-Jugend.
_9249
650 0 _aBaptists
_zUnited States
_vBiography.
_9250
942 _2ddc
_cBK
999 _c299
_d299